000 00600nam a2200229Ia 4500
003 OSt
005 20220924115907.0
006 a|||||r|||| 00| 0
007 ta
008 220923b |||||||| |||| 00| 0 urd d
024 _a316132
037 _cTextual
040 _aARTS
_cARTS
_burd
041 _2urd
_aurd
082 _aO168,1NHR,1, M5
100 _aHilal Rizavi
_9180006
245 0 _aKeh doon ......?
260 _aDelhi
_bHamara Daur India
_c1985
650 _aURDU POETRY
942 _hO168,1NHR,1, M5
_cTEXL
_2CC
999 _c400339
_d400339